Loreto College Library, Kolkata
WEBOPAC (ONLINE PUBLIC ACCESS CATALOGUE)

Of women 'inside' (Record no. 41718)

MARC details
000 -LEADER
fixed length control field 00602nam a22002057a 4500
005 - DATE AND TIME OF LATEST TRANSACTION
control field 20180725110436.0
008 - FIXED-LENGTH DATA ELEMENTS--GENERAL INFORMATION
fixed length control field 180725b xxu||||| |||| 00| 0 eng d
020 ## - ISBN | অাই এস বি এন
ISBN | অাই এস বি এন 9781138061057
PRICE Rs 995
040 ## - CATALOGING SOURCE
Language of cataloging eng
041 ## - LANGUAGE CODE
Language code English
082 ## - DDC | ডিউই
Classification number | বর্গসংখ্যা 365.6082
Book Number | গ্রন্থাঙ্ক DHA
100 ## - MAIN ENTRY--PERSONAL NAME | মুখ্য সংলেখ - ব্যাক্তিনাম
Personal name | ব্যাক্তিনাম Dhavan Shakardass, Rani
245 ## - TITLE STATEMENT | অাখ্যা বিবরণী
Title | অাখ্যা Of women 'inside'
Sub title | উপঅাখ্যা Prison voices from India
Statement of responsibility | লেখকের দায়িত্বের বিবরণ Rani Dhavan Shakardass
260 ## - IMPRINT | প্রকাশনা ক্ষেত্র
Place of publication | প্রকাশ স্থান London, New Delhi, New York
Name of publisher | প্রকাশকের নাম Routledge
Date of publication | প্রকাশ কাল 2012
300 ## - PHYSICAL DESCRIPTION |
Page / Vol. No | পৃষ্ঠা / খন্ড সংখ্যা xiii,307
Other physical details | অনান্য বাহ্যিক বিবরণ 24 cm; photos
504 ## - BIBLIOGRAPHY, ETC. NOTE
Bibliography, etc Includes bibliography and index
650 ## - SUBJECT ADDED ENTRY--TOPICAL TERM | বিষয় শিরোনাম - মূল বিষয়
Topical term | মূল বিষয় Women prisoners
Geographic subdivision | ভৌগলিক বিভাগ India
850 ## - HOLDING INSTITUTION
Holding institution LCLIB
942 ## - ADDED ENTRY ELEMENTS (KOHA)
Koha item type Books
Holdings
Withdrawn status Lost status Source of classification Damaged status Not for loan Home library Current library Date acquired Price Total Checkouts Full call number Accession No. Date last seen Price effective from Koha item type
    Dewey Decimal Classification     Loreto College Loreto College 25/07/2018 995.00   365.6082 DHA 52713 45642 25/07/2018 25/07/2018 Books